00450nam a2200193Ia 4500008004100000020001800041050001400059100001700073245002400090245001700114260001500131260001600146260000900162300001600171300002700187300001000214440002400224500000800248170918s9999 xx 000 0 und d a9780439929295 bD746 2006 aDower, Laura 4aThe boy next door / cLaura Dower. aNew York : bScholastic, c2006 a158 pages : bcolored illustration ; c19cm. aA candy apple book. a700